000 00401nam a2200157Ia 4500
008 221030s9999 xx 000 0 und d
020 _a9971513161
041 _aEnglish
082 _a105.23
_bTyg
100 _aM. S. Tyagi
245 0 _aIntroduction to Semiconductor Materials & Devices
_cby M. S. Tyagi
260 _bJohn Wiley & Sons
_aMumbai
_c2000
300 _a669
650 _aEE
942 _cBK
999 _c1485
_d1485